[Event "TBMM Kupasi KO 2022"]
[Site "Ankara"]
[Date "2022.03.21"]
[Round "2.1"]
[White "Gurel, Ediz"]
[Black "Yilmaz, Mustafa"]
[Result "1/2-1/2"]
[WhiteElo "2380"]
[BlackElo "2627"]
[Annotator "TA"]
[PlyCount "100"]
[EventDate "2022.03.20"]
[EventType "k.o."]
[EventCountry "TUR"]
[SourceTitle "playchess.com"]
[Source "ChessBase"]
[SourceQuality "1"]

{[%evp 12,100,20,9,12,7,17,6,6,5,5,2,4,6,0,-3,0,-9,-8,-18,-16,-40,0,0,0,0,0,0,0,0,6,0,6,6,8,8,14,9,55,75,74,22,22,22,22,22,22,22,22,22,22,22,22,22,22,22,22,22,22,22,22,22,22,22,22,14,35,14,14,14,14,14,14,14,14,14,14,14,14,14,14,14,14,14,14,9,9,9,9,9,9]} 1. e4 {ChessBase II} c5 2. Nf3 d6 3. d4 cxd4 4. Nxd4 Nf6 5. Nc3 a6 6. Bg5 Nbd7 7. Bc4 Qb6 {B94: Sicilian Najdorf: 6 Bg5 Nbd7.} 8. Bb3 e6 $1 9. Bxf6 Nxf6 10. Qd2 {10.f4 is vanishing.} Nd7 11. O-O-O Nc5 12. f4 {[%cal Bf2f4,Bf4f5][%mdl 32]} Bd7 13. Rhe1 O-O-O {[#]} 14. g4 $146 ({Predecessor:} 14. f5 g6 15. Kb1 Bg7 16. Nf3 Bc6 17. fxe6 fxe6 18. Ng5 Bh6 19. Qe3 Qa5 20. h4 Nxb3 21. axb3 {½-½ (63) Kurnosov,I (2653)-Csiba,D (2378) Aix les Bains 2011 CBM 142 Extra [ChessBase II]}) 14... g6 15. f5 Bg7 16. Kb1 Rhe8 (16... Kb8 {is more complex.} 17. h4 Rhe8 18. Rf1 Be5 19. g5 Nxb3 20. Nxb3 Rf8) 17. Rf1 Nxb3 18. axb3 Bxd4 19. Qxd4 Qxd4 20. Rxd4 exf5 21. exf5 Bc6 {Prevents Ne4.} 22. g5 Re5 23. fxg6 fxg6 24. h4 Rf5 (24... Kd7 $11 {is superior.}) 25. Rxf5 $14 gxf5 {[%cal Bg6f5,Bf5f4,Bf4f3][%mdl 32] [#]} 26. Nd5 ({Better is} 26. Kc1 $1 $16) 26... Bxd5 $11 27. Rxd5 {[%mdl 4096] Endgame KR-KR} Rf8 ({Don't take} 27... f4 28. Rf5 $16) 28. Rxd6 f4 29. Rd2 f3 {[#] Threatens to win with ...f2.} 30. Rf2 Rf4 31. h5 Rf5 32. g6 {g7 is the strong threat.} Rxh5 33. gxh7 Rxh7 34. Rxf3 Rh1+ 35. Ka2 a5 36. b4 axb4 37. Rf4 Rh3 38. Rxb4 Kc7 39. c3 Kc6 {The position is equal.} 40. Ka3 b5 41. Rg4 Rh6 42. Kb4 Kb6 43. Rd4 Rg6 44. Rh4 Rf6 45. Kb3 Rf2 46. Ka3 Rf6 47. Rh5 Rf4 48. b4 Rf2 49. Rh6+ Kb7 50. Kb3 Rg2 {Weighted Error Value: White=0.05 (flawless) /Black=0.03 (flawless)} 1/2-1/2

[Event "TBMM Kupasi KO 2022"]
[Site "Ankara"]
[Date "2022.03.21"]
[Round "2.2"]
[White "Gokerkan, Cem Kaan"]
[Black "Can, Isik"]
[Result "0-1"]
[WhiteElo "2445"]
[BlackElo "2426"]
[Annotator "TA"]
[PlyCount "70"]
[EventDate "2022.03.20"]
[EventType "k.o."]
[EventCountry "TUR"]
[SourceTitle "playchess.com"]
[Source "ChessBase"]
[SourceQuality "1"]

{[%evp 9,70,0,0,0,3,-47,-41,-39,-44,-39,-41,-78,-33,-40,-41,-26,-9,-16,-4,-106,-72,-70,-72,-125,-91,-101,-77,-108,-99,-100,-97,-120,-121,-115,-56,-93,-87,-118,-116,-111,-105,-399,-392,-338,-304,-470,-363,-386,-438,-758,-729,-700,-668,-752,-758,-927,-907,-29987,-29988,-29994,-29995,-29995,-29996]} 1. Nf3 d5 2. d4 Nf6 3. Bf4 Bf5 4. c4 e6 5. Nc3 dxc4 6. e3 {D06: Queen's Gambit: Symmetrical and Baltic Defences.} Nd5 {[#]} 7. Bg5 $146 (7. Bxc4 $11 Nxf4 8. exf4) ({Predecessor:} 7. Bg3 Bb4 8. Qc1 b5 9. Be2 O-O 10. O-O Bxc3 11. bxc3 Nd7 12. a4 a6 13. Nd2 {1-0 (28) Wang,H (2711)-Fang,Y (2489) Kuala Lumpur 2018}) 7... f6 8. Bh4 {Black is slightly better.} Bb4 9. Qc1 b5 10. Be2 c6 (10... Qe7 $17) 11. a4 $1 $15 O-O $36 {[%mdl 2048] Black fights for an advantage.} (11... Qd7 {keeps more tension.} 12. O-O O-O 13. Bg3 a5 14. Nd2 Bg6) 12. O-O Bxc3 (12... a5 {is more complex.} 13. Bg3 Qd7 14. Rd1 Na6 15. Ne1 Bg6) 13. bxc3 Nd7 14. a5 (14. Nd2 $11) 14... a6 15. Bg3 Bg6 16. Nd2 (16. Rd1 $142) 16... f5 17. Re1 N7f6 18. Bh4 Qc7 19. Bg3 Qe7 20. Bh4 c5 {Black is much more active.} 21. Bf3 cxd4 ({Black should try} 21... Rac8 $17 22. Bxd5 exd5 23. dxc5 Qxc5) 22. exd4 {Hoping for Bxd5.} Qd6 23. Bg3 f4 24. Bh4 Rac8 25. Re5 $2 {[%mdl 8192] This move loses the game for White.} (25. Bxf6 $17 {was worth a try.} Rxf6 26. Ne4 Bxe4 27. Bxe4) 25... b4 $19 26. cxb4 Nxb4 {Pair of Knights!} 27. Rc5 (27. Qc3 $142 Nbd5 28. Qc1) 27... Qxd4 28. Rxc8 Rxc8 {[%cal Bf8c8,Bc8d8,Bd8d1][%mdl 32]} 29. Ra4 (29. Bxf6 $142 gxf6 30. Bg4) 29... c3 {[%cal Bc4c3,Bc3c2][%mdl 32]} 30. Nb3 Qc4 31. Bxf6 gxf6 32. Qa3 {[#]} c2 $1 33. Nc1 {[#]} (33. h4 Rb8) 33... Rd8 $1 {Black mates.} 34. h4 (34. Nd3 Qxd3) 34... Rd1+ 35. Kh2 {[#]} Qf1 $1 {[%csl LRc1,LRf2] Weighted Error Value: White=0.80/Black=0.11 (very precise)} 0-1

[Event "TBMM Kupasi KO 2022"]
[Site "Ankara"]
[Date "2022.03.21"]
[Round "2.2"]
[White "Can, Isik"]
[Black "Gokerkan, Cem Kaan"]
[Result "0-1"]
[WhiteElo "2426"]
[BlackElo "2445"]
[Annotator "TA"]
[PlyCount "90"]
[EventDate "2022.03.20"]
[EventType "k.o."]
[EventCountry "TUR"]
[SourceTitle "playchess.com"]
[Source "ChessBase"]
[SourceQuality "1"]

{[%evp 11,90,0,0,3,37,0,0,0,25,0,0,0,0,0,0,0,0,0,0,-17,0,0,0,-7,38,0,44,-60,-46,-61,-60,-59,-59,-59,-59,-59,-57,-51,-64,-66,-51,-165,-62,-199,-102,-113,-72,-81,-47,-135,-106,-118,-68,-224,-197,-204,-198,-300,-350,-828,-827,-815,-815,-782,-743,-822,-808,-793,-755,-905,-862,-1895,-1681,-29980,-29981,-29981,-29982,-29982,-29983,-29979,-29980]} 1. e4 c5 2. Nf3 d6 3. d4 cxd4 4. Nxd4 Nf6 5. Nc3 a6 6. Rg1 e5 7. Nb3 {B90: Sicilian Najdorf: Unusual White 6th moves, 6 Be3 Ng4 and 6 Be3 e5.} b5 8. a4 (8. g4 $5 {[%cal Rg4g5]}) 8... b4 9. Nd5 {The position is equal.} Bb7 {[#]} 10. Bg5 $146 ({Predecessor:} 10. Nxf6+ Qxf6 11. Qf3 Qg6 12. Bd3 Nc6 13. Be3 Be7 14. Qg3 Qf6 15. O-O-O O-O 16. Kb1 {1-0 (54) Morais,G (2336)-Ivanov,V (2235) ICCF email 2008}) 10... Nbd7 {[%cal Bb8d7,Bd7f6,Bf6e4,Be4c3][%mdl 32]} 11. Bc4 Qc8 12. Qd3 {Black must now prevent Bxf6.} Nxd5 13. Bxd5 Bxd5 14. Qxd5 h6 15. Bd2 Nf6 16. Qd3 Qc6 17. Na5 Qc5 (17... Qxe4+ $11 18. Qxe4 Nxe4) 18. Qc4 Rc8 (18... Qxc4 $11 {should be considered.} 19. Nxc4 Rc8) 19. b3 (19. Qxa6 $14 Be7 20. Qb5+ Kf8 21. Qb7 (21. Qxb4 Qxc2 22. f3 d5 $11)) 19... Qxc4 $1 $15 (19... d5 20. exd5 Nxd5 21. Qxa6 $16) 20. Nxc4 Nxe4 21. Bxb4 d5 $1 $36 {[%csl LRb4,LRc4][%mdl 2048] Black is pushing.} 22. Bxf8 Rxf8 23. Ne3 Nc3 24. Nf5 Kd7 {To avoid Nd6} 25. Nxg7 f5 26. g4 (26. f4 $1 $15) 26... f4 (26... fxg4 $19 {Strongly threatening ...Rf7.} 27. Rxg4 Ne4) 27. h4 {[#]} (27. f3 $15) 27... Rg8 (27... f3 $1 $19 {aiming for ...Ne2.} 28. Nf5 Ne2) 28. Nh5 $17 {Threatens to win with Nf6+.} Rg6 {Inhibits Nf6+.} ({Black should play} 28... Ke6 {And now ...f3 would win.} 29. f3 d4) 29. f3 d4 30. Kd2 ({Better is} 30. Rg2 $1 $15) 30... Nd5 {Black is more active.} 31. g5 {[#]} Rc3 (31... Rgc6 $6 32. Kd3 $11) (31... Ke6 $1 $17 32. gxh6 Rxh6) 32. gxh6 $2 ({White should try} 32. Rae1 $1 $15 Kd6 33. Nf6 Nxf6 34. gxf6 Rxf6 35. Rg8) 32... Rxh6 $19 33. Rg5 Kd6 ({And not} 33... Rxf3 34. Rxe5 Rf2+ 35. Ke1 $11) 34. Ng7 (34. Re1 $142 Ne3 35. Rc1) 34... Ne3 35. h5 (35. Rh1 Rxc2+ 36. Kd3) 35... Rxc2+ 36. Kd3 Kd5 37. Nf5 Rc3+ 38. Ke2 Nxf5 39. Rxf5 {[%mdl 4096] Endgame KRR-KRR} Rhc6 40. Re1 Rxb3 {( -> ...Rc2+)} 41. Kf2 Re3 42. Re2 {Inhibits Rc2.} d3 {Black mates.} 43. Rxe3 Rc2+ ({Weaker is} 43... fxe3+ 44. Kxe3 Kc4 45. Rf8 $11 (45. Rxe5 Kc3 $15)) 44. Re2 Rxe2+ 45. Kf1 Kd4 {Weighted Error Value: White=0.68/Black=0.16 (very precise)} 0-1